| 000 | 01337cas a2200289 4500 | ||
|---|---|---|---|
| 005 | 20170424151107.0 | ||
| 008 | 750509c19569999cauar b 0 a0eng | ||
| 022 | 0 |
_a0066-4170 _21 |
|
| 040 |
_aDLC _cUDI _dNSD _dYUS _dOCL _dNSD _dIUL _dDLC _dOCL _dSER _dAIP _dNSD _dAIP _dNSD _dOCL _dNSD _dAIP _dOCL _dNST _dIUL _dAGL _dCUS _dGUA _dMYG _dSYS _dOCL _dNLM _dOCLCQ _dGUA _dNSD _dOCLCQ _dNLGGC _dLVB _dEEM _dOCLCA _dOCLCQ _dBOS _dOCLCQ _dHEBIS _dGEBAY _dGBVCP _dUKMGB _dOCLCQ _dAU@ _dP4I _dOCLCO _dDEBBG _dOCLCO _dOCLCQ _dOCLCO _dOCLCF _dOCLCO _dCO-BoIAVH |
||
| 041 | 0 | _aspa | |
| 044 | _axxu | ||
| 090 | _aSE | ||
| 245 | 0 | 0 |
_aAnnual review of entomology / _ceditado por Ray F. Smith y Thomas E. Miltler |
| 260 |
_aPalo Alto, Calif. : _bAnnual Reviews, _c1956-. |
||
| 300 |
_bilustraciones _c23 x 16 cm |
||
| 310 | _aa | ||
| 504 | _aIncluye referencias bibliográficas. | ||
| 510 | 2 |
_aChemical abstracts _x0009-2258 |
|
| 650 | 2 | 6 |
_aInsecta _vPublicaciones periódicas |
| 650 | 2 | 6 |
_aInsectos _vPublicaciones periódicas |
| 650 | 2 | 6 |
_aEntomología _vPublicaciones periódicas |
| 700 | 1 |
_aSmith, Ray F. _eeditor _981089 |
|
| 700 | 1 |
_aMittler, Thomas E. _eeditor _981090 |
|
| 710 | 2 | _aEntomological Society of America. | |
| 776 | 0 | 8 |
_iOnline version: _tAnnual review of entomology (Online) _x1545-4487 _w(DLC) 2003215307 _w(OCoLC)41333322 |
| 942 |
_2z _cREVISTA |
||
| 999 |
_c16693 _d16693 |
||